|
|
|
|
| LEADER |
00000nab a2200000 ar4500 |
| 001 |
vtls008955209 |
| 003 |
SK-MaSNL |
| 005 |
20260303070339.0 |
| 008 |
060310c2007 xo wr|n|||||||000 b|slo |
| 015 |
|
|
|a SNBRB2007/03
|2 snkbucl
|
| 040 |
|
|
|a SNKBUCL
|b slo
|c SNKBUCL
|e AACR2
|
| 041 |
0 |
|
|a slo
|
| 044 |
|
|
|a xo
|c SK
|
| 080 |
|
|
|a 351.745
|x (437.6)
|2 2001
|
| 080 |
|
|
|a 061.25
|x (437.6)
|2 2001
|
| 100 |
1 |
|
|a Marjovič, Ľubomír
|4 aut
|9 851700
|
| 245 |
1 |
0 |
|a Z V. snemu Združenia náčelníkov obecných a mestských polícií Slovenska
|c Ľubomír Marjovič
|
| 300 |
|
|
|b Fotogr.
|
| 610 |
2 |
7 |
|a Združenie náčelníkov obecných a mestských polícií Slovenska.
|b Snem
|2 snkbucl
|9 1040380
|
| 648 |
|
7 |
|a 2007
|2 snkbucl
|9 313226
|
| 650 |
0 |
7 |
|a obecná polícia
|2 snkbucl
|9 68165
|
| 650 |
0 |
7 |
|a mestská polícia
|2 snkbucl
|9 26122
|
| 773 |
0 |
|
|t Obecné noviny
|g Roč. XVII, č. 8 (2007), s. 7
|
| 852 |
|
|
|a SNK
|b KIS3GCP
|
| 958 |
|
|
|a SK
|
| 999 |
|
|
|c 1754979
|d 1756909
|